|
|
|
|
| LEADER |
00000nam a22000007a 4500 |
| 005 |
20181222145825.0 |
| 007 |
cr|||| |||| |
| 008 |
181222s2018 co |||||s|||| 00||0 spa d |
| 035 |
|
|
|a 22600
|
| 040 |
|
|
|a vLex
|
| 090 |
|
|
|c 8363
|d 8363
|
| 100 |
1 |
|
|a Arango Mn︢era, Ivǹ Daro̕
|
| 245 |
1 |
0 |
|a Saldo a favor en el impuesto sobre la renta en personas jurd̕icas ¿Cm̤o hacer viable su devolucin̤?
|h [Recurso electrn̤ico] /
|c Ivǹ Daro̕ Arango Mn︢era
|
| 256 |
|
|
|a Servicio en ln̕ea
|
| 260 |
|
|
|a Bogot:̀
|b Ediciones de la U,
|c 2018
|
| 300 |
|
|
|a 1 recurso electrn̤ico
|
| 506 |
1 |
|
|a Disponible solo en los productos indicados
|d vLex Global
|d vLex Global (Academic Edition, excluding Law Schools)
|d vLex Global (U.S. Academic Edition, Law Schools)
|d vLex Global (U.S. Academic Edition, excluding Law Schools)
|d vLex Global (Academic Edition, Law Schools)
|
| 650 |
0 |
4 |
|a Economa̕ y negocios
|z Colombia
|
| 740 |
0 |
|
|a vLex Libros (Servicio en ln̕ea)
|
| 856 |
4 |
0 |
|u http://vlex.com/source/saldo-favor-impuesto-renta-personas-juridicas-como-hacer-viable-devolucion-22600
|z Acceso restringido
|
| 942 |
|
|
|c BOOK
|
| 999 |
0 |
|
|a Economy and business
|